| 000 | 00458nam a2200181Ia 4500 | ||
|---|---|---|---|
| 001 | 10388 | ||
| 005 | 20260306161828.0 | ||
| 008 | 260306t1996||||xx |||||||||||||| ||spa|| | ||
| 041 | _aESP | ||
| 082 |
_a922.8506 _bA69 |
||
| 100 |
_aArenas Figueroa, Mario _eAUT |
||
| 245 | 0 |
_aEl Deán Valdivia: _bsímbolo de la Arequipa republicana |
|
| 260 | _c1996 | ||
| 300 |
_a157 páginas : _c24 cm. |
||
| 650 | _aGEN | ||
| 654 | _aCHU | ||
| 942 |
_cLIB _dJUS _fJUS _2ddc _n |
||
| 999 |
_c10388 _d10388 |
||